000 00332nam a2200145Ia 4500
008 150201s2009 xx 000 0 und d
082 _a610.7368
_bE09K
100 _aKUMAR , N.
245 _aESSENTIALE OF PSYCHIATRIC
250 _a1ST
260 _bAITBS
_aDELHI
_c2009
300 _a223
650 _aPSYCHIATRY
942 _2ddc
_cBK
999 _c1955
_d1955